HISTORICAL DEVELOPMENT OF THE SCIENCE OF STATISTICS AND EMPLOYMENT OPPORTUNITIES (Record no. 31265)
[ view plain ]
| 000 -LEADER | |
|---|---|
| fixed length control field | 00490nam a22001457a 4500 |
| 005 - DATE AND TIME OF LATEST TRANSACTION | |
| control field | 20250319080129.0 |
| 008 - FIXED-LENGTH DATA ELEMENTS--GENERAL INFORMATION | |
| fixed length control field | 250319b |||||||| |||| 00| 0 eng d |
| 040 ## - CATALOGING SOURCE | |
| Transcribing agency | |
| 100 ## - MAIN ENTRY--PERSONAL NAME | |
| Personal name | DEKA DR. S. DUTTA |
| 9 (RLIN) | 473 |
| 245 ## - TITLE STATEMENT | |
| Title | HISTORICAL DEVELOPMENT OF THE SCIENCE OF STATISTICS AND EMPLOYMENT OPPORTUNITIES |
| Medium | ASSAMESE |
| 250 ## - EDITION STATEMENT | |
| Edition statement | 1ST |
| 260 ## - PUBLICATION, DISTRIBUTION, ETC. | |
| Place of publication, distribution, etc. | DIBRUGARH |
| Name of publisher, distributor, etc. | MAHAVEER PUBLICATIONS JAIN MANDIR ROAD , GRAHAM BAZAR |
| Date of publication, distribution, etc. | DECEMBER, 2016 |
| 700 ## - ADDED ENTRY--PERSONAL NAME | |
| Personal name | DUTTA DR. H.NR. |
| 942 ## - ADDED ENTRY ELEMENTS (KOHA) | |
| Source of classification or shelving scheme | Dewey Decimal Classification |
| Koha item type | Books |
| 700 ## - ADDED ENTRY--PERSONAL NAME | |
| 9 (RLIN) | 474 |
| Withdrawn status | Lost status | Source of classification or shelving scheme | Damaged status | Not for loan | Collection code | Home library | Current library | Shelving location | Date acquired | Total Checkouts | Full call number | Barcode | Date last seen | Price effective from | Koha item type | Public note |
|---|---|---|---|---|---|---|---|---|---|---|---|---|---|---|---|---|
| Dewey Decimal Classification | TBECO | Central Library and Information Centre Sibsagar Girls College | Central Library and Information Centre Sibsagar Girls College | ECONOMICS BOOK RACK | 19.03.2025 | 338.9 DUT | 49979 | 19.03.2025 | 19.03.2025 | Books | V | |||||
| Dewey Decimal Classification | TBECO | Central Library and Information Centre Sibsagar Girls College | Central Library and Information Centre Sibsagar Girls College | ECONOMICS BOOK RACK | 19.03.2025 | 338.9 DUT | 49980 | 19.03.2025 | 19.03.2025 | Books | V | |||||
| Dewey Decimal Classification | TBECO | Central Library and Information Centre Sibsagar Girls College | Central Library and Information Centre Sibsagar Girls College | ECONOMICS BOOK RACK | 19.03.2025 | 338.9 DUT | 49981 | 19.03.2025 | 19.03.2025 | Books | V | |||||
| Dewey Decimal Classification | TBECO | Central Library and Information Centre Sibsagar Girls College | Central Library and Information Centre Sibsagar Girls College | ECONOMICS BOOK RACK | 19.03.2025 | 338.9 DUT | 49982 | 19.03.2025 | 19.03.2025 | Books | V | |||||
| Dewey Decimal Classification | TBECO | Central Library and Information Centre Sibsagar Girls College | Central Library and Information Centre Sibsagar Girls College | ECONOMICS BOOK RACK | 19.03.2025 | 338.9 DUT | 49983 | 19.03.2025 | 19.03.2025 | Books | V |